Pays d'Asie Mort subite - Statistiques

Statistiques générales
  • Ce quiz a été pris 761 fois
    94 depuis la dernière actualisation
  • Le résultat moyen est 24 sur 39
Answers on the Grid
Answers color-coded by a green-red scale on the quiz's grid according to % correct below.
Chine
Kazakhstan
Gabon
Thailande
Pakistan
Géorgie
Australie
Papouasie nouvelle guinée
Timor oriental
Uruguay
Indonésie
Malaisie
Allemagne
Suede
Afghanistan
Ouzbekistan
Tadjikistan
Mongolie
Rwanda
Égypte
Yemen
Hongrie
Chili
Oman
Irak
Russie
Japon
Azerbaidjan
Kirghizistan
Panama
Lesotho
Corée du sud
Turkménistan
Fidji
Népal
Bhoutan
Seychelles
Madagscare
Inde
Iran
Syrie
Islande
Bangladesh
Cap vert
Taiwan
Arménie
Grece
Arabie saoudite
Émirat Arabunie
Perou
Mexique
Canada
Qatar
Barhein
Koweit
Singapour
Philipines
Biélorussie
Andorre
Brunei
Vietnam
Maldives
Mali
Sri lanka
 
Statistiques - réponses
Réponse % Correct
Chine
98%
Thailande
91%
Kazakhstan
87%
Pakistan
87%
Indonésie
77%
Ouzbekistan
77%
Malaisie
74%
Tadjikistan
74%
Yemen
72%
Afghanistan
70%
Irak
68%
Mongolie
68%
Corée du sud
64%
Japon
62%
Kirghizistan
62%
Oman
62%
Timor oriental
62%
Azerbaidjan
60%
Bangladesh
57%
Inde
57%
Iran
57%
Turkménistan
57%
Népal
55%
Singapour
55%
Vietnam
55%
Philipines
53%
Qatar
53%
Sri lanka
53%
Taiwan
53%
Arabie saoudite
51%
Bhoutan
51%
Géorgie
51%
Syrie
51%
Koweit
49%
Barhein
47%
Brunei
47%
Maldives
47%
Émirat Arabunie
43%
Arménie
38%
Aucun quiz correspondant
Distribution des résultats
% des personnes avec chaque résultat
Percentile par nombre de réponses
Votre historique - résultats
Vous n’avez pas pris ce quiz depuis la dernière actualisation